000 00287nam a22001337a 4500
008 170227b xxu||||| |||| 00| 0 eng d
020 _a0815177933
041 _aeng
080 _a618
100 _a5
101 _ashk
245 _aYEARB OOK OF SURGERY
_cCOPELAND, E.M
942 _2udc
_cBK
999 _c6258
_d6258